000
00313nam a22001337a 4500
005
20161022150211.0
008
161022b xxu||||| |||| 00| 0 eng d
041
_a
eng
100
_a
DESHMUKH,R.T
_9
3616
245
_a
MINERAL AND MINE ECONOMICS
300
_a
558
650
_a
MINING ENGINEERING
_9
3617
942
_c
BK
999
_c
5277
_d
5275